000 00256nmm a2200097Ia 4500
008 220120s9999||||xx |||||||||||||||||und||
082 _a621.392 CIL
100 _aCiletti, Michael, D
245 0 _aAdvanced digital design with the Verilog HDL
260 _c2005
999 _c138943
_d138943